00271nam a2200097 a 450000500170000000800410001705000180005810000160007624500440009226000370013620140414131914.0100902s19uu xx 00 eng d aFICbK68 1998 aKline, Suzy aHorrible Harry moves up to third grade. aNew York :bScholastic ,c1998.